000 00612nam a2200205 a 4500
005 20210219155433.0
008 060602s1999 es r 000 0 spa d
020 _a847174547X
035 _aUPN01000145084
049 _aCE
050 4 _aTP26
100 1 _aLázaro Martínez, Angel J.
245 1 0 _aPrueba de comprensión lectora :
_bmanual /
_cAngel J. Lázaro Martínez.
250 _a3a ed.
260 _aMadrid :
_bTEA,
_c1999.
300 _a19 p.
440 0 _aSerie menor ;
_v239
500 _aIncluye: 1 manual, 25 clave analítica versión 80, 25 pruebas de comprensión lectora
905 _aLibro
999 _c117231
_d117231